00569nam a2200205 i 4500001001100000003000500011005001700016008004100033020001500074040002500089082002000114100003000134245001900164264004100183300002400224336002100248337002500269338002300294650004600317C2-0093543PPAK20180727092855.0970514s1989 nyu |||| ||||| | eng d a0394578139 aPPAKbengcPPAKerda04a618.92000922231 aSpock, Benjamin, eauthor10aSpock on spock 1aNew York : bPanthean Books , c1989 a281 pages ; c24 cm 2rdacontentatext 2rdamediaaunmediated 2rdacarrieravolume10aPediatricians - United States - Biography